Statistics for Which Language is That? #2

Click here to take the quiz!

General Stats

  • This quiz has been taken 49 times
  • The average score is 9 of 26

Answer Stats

Phrase Language % Correct
جو سمندر کے تحت ایک اناناس میں رہتی ہے؟Urdu
65%
Kdo žije v ananasu pod hladinou moře?Czech
62%
چه کسی در یک آناناس زیر دریا زندگی می کند؟Persian
56%
Ai sống trong một dứa dưới biển?Vietnamese
50%
Qui viu en una pinya sota el mar?Catalan
47%
Ով ապրում է արքայախնձոր ներքո ծով.Armenian
47%
Ко живи у ананасу под морем?Serbian
44%
Kto žije v ananásu pod hladinou mora?Slovak
41%
Pwy sy'n byw mewn pinafal o dan y môr?Welsh
41%
ווער לעבט אין אַ אַנאַנאַס אונטער דער ים?Yiddish
41%
யார் கடல் கீழ் ஒரு அன்னாசிப்பழம் வாழ்கிறார்?Tamil
38%
Cine trăiește într-un ananas în mare?Romanian
35%
কে সমুদ্র অধীনে একটি আনারস মধ্যে বসবাস করেন?Bengali
35%
Ko wai ora nei i roto i te paināporo i raro i te moana?Maori
35%
Kuka asuu ananaksessa meren alla?Finnish
35%
Kim dəniz altında bir ananas yaşayır?Azerbaijani
32%
Hvem bor i en ananas under havet?Danish
32%
Aki él egy ananász a tenger alatt?Hungarian
32%
Yang tinggal di nanas di bawah laut?Indonesian
29%
Хэн далайн дор хан боргоцой амьдарч байна вэ?Mongolian
29%
Sem býr í ananas undir sjó?Icelandic
26%
Kiu vivas en ananaso sub la maro?Esperanto
21%
Nga nagpuyo sa usa ka pinya sa ilalum sa dagat?Cebuano
15%
Sapa sing urip ing nanas ing ngisor laut?Javanese
12%
Wanda zaune a cikin wani abarba a karkashin teku?Hausa
9%
Ki moun ki ap viv nan yon anana anba lanmè a?Haitian Creole
9%

Score Distribution

Percentile by Number Answered

Percent of People with Each Score

Your Score History

You have not taken this quiz